000 00450nam a22000977a 4500
999 _c2914
_d2914
008 190410| ||| | ||||||0| ||spa d
245 _aHueso Rótula
300 _eHueso Rótula
653 _aHueso corto, aplastado de adelante hacia atrás.
_aHueso de forma triangular, con base superior.
_aPatella
_aCara anterior convexa de arriba hacia abajo.
_aCarilla articular cóncava
_aArticula con la cara posterior con los cóndilos el Fémur
942 _cHUESOS
_2ddc